| 000 | 00803nam a2200217 4500 | ||
|---|---|---|---|
| 001 | 121847 | ||
| 003 | ES-MaACL | ||
| 005 | 20230906191836.0 | ||
| 007 | t| | ||
| 008 | 070214s1975 gw r ||||1| spa d | ||
| 100 | 1 |
_aPlum, Werner. _992670 |
|
| 245 | 1 | 0 |
_aCiencias naturales y técnica en el camino a la `Revolución industrial` / _cWerner Plum. |
| 260 |
_aBonn : _bInstituto de Investigaciones de la Fundación Friedrich Ebert, _c1975. |
||
| 300 |
_a154 p. ; _c18 cm. |
||
| 490 | 1 | _aAspectos sociales y culturales de la industrialización | |
| 710 | 2 |
_aFriedrich-Ebert-Stiftung. _bForschungsinstitut. _94190 |
|
| 830 | 0 |
_aAspectos sociales y culturales de la industrialización _9186529 |
|
| 852 |
_aES-MaACL _jA-6409 _bR.95193 |
||
| 852 |
_aES-MaACL _jA-7018 _bR.95751 |
||
| 999 |
_c121847 _d121847 |
||